| 000 | 00535nam a22001577a 4500 | ||
|---|---|---|---|
| 008 | 220831b |||||||| |||| 00| 0 eng d | ||
| 020 | _a0805813977 | ||
| 050 |
_aLB1028.38 _b.I57 1997 C.1 |
||
| 245 |
_aInstructional design: _bInternational perspectives _cEdited by Sanne Dijkstra, Norbert M. Seel Franz Schott & Robert D. Tennyyson |
||
| 260 |
_aNew York _bRoutledge _c1997 |
||
| 300 | _axvii, 418p. | ||
| 650 |
_aInstructional systems _vDesign |
||
| 650 | _aEducational techology | ||
| 650 | _aCurriculum planning | ||
| 942 |
_2lcc _cBK |
||
| 999 |
_c19467 _d19466 |
||